00824cam a2200217 450000500170000000800410001702000150005805000220007310000350009524500800013025000110021026000420022130000210026350400320028465000420031665000240035865000340038294200130041699900190042995201580044820250709123007.0030917s1993 Ag 000 0 spa u a950679115504aKHA1008bG37 19931 aGarrido Cordobera, Lidia M. R.14aLos daños colectivos y la reparación c / Lidia M. R. Garrido Cordobera a1a ed. aBuenos Aires :bUniversitaria, c1993 a236 p. ;c23 cm. aBibliografía : p. 225-236 72lembaDaños y perjuicioszArgentina 4aAgravioszArgentina 4aDaños colectivoszArgentina 2lcccLIB c133800d133800 102lcc4070aLIC-002bLIC-002cGENERALd2020-01-22f1a ed.kCSAoKHA1008 G37 1993pBFD000011963r2020-01-22 00:00:00t1v1.00yLIBzrecursos propios DGB